000 00986cam a2200301 i 4500
001 18322
003 BD-RjUL
005 20211209000253.0
008 140220s1977 enk b 001 1 eng
020 _a0333197674
035 _a(BD-RjUL)18380
040 _aDLC
_cDLC
_dBD-RjUL
_beng
041 _aeng
082 0 0 _a823.009
_bGOD 1977
100 1 _aGoonetilleke, D. C. R. A.
_956396
245 1 0 _aDeveloping countries in British fiction /
_cD. C. R. A. Goonetilleke.
260 _aLondon :
_bMacmillan,
_cc1977.
300 _aix, 282 p. ;
_c23 cm.
500 _aOriginally presented as the author's thesis, Lancaster.
500 _aIncludes index.
504 _aBibliography: p. 271-276.
600 1 0 _aConrad, Joseph,
_d1857-1924
_xKnowledge
_xDeveloping countries.
_956400
650 0 _aEnglish fiction
_xHistory and criticism.
_956398
651 0 _aDeveloping countries
_xIn literature.
_956399
942 _2ddc
_cBK
999 _c18322
_d18322